000 00425nam a22001697a 4500
003 NUST
005 20220817145158.0
008 220817b ||||| |||| 00| 0 eng d
020 _a9781939501103
038 _aAzhar
082 _a813.54
_bSHA
100 _aShay, Kathryn
_997847
245 _aAmerica's bravest
_cKathryn Shay
260 _aLos Gatos
_bKathryn Shay ,Smashwords
_c2013
300 _a637p
942 _2ddc
_cLC
999 _c591184
_d591184